LDR 00831naa#a2200229#i#450# 001 EN\\bibl\126162 005 20260630063627.2 011 ## _a2077-7566 100 ## _a20260629b2026####ek#y0engy0150####ca 101 0# _aRUS 102 ## _aRU 200 1# _aTHE IMPACT OF IMPLANT-SUPPORTED PROSTHETIC REHABILITATION ON THE FUNCTIONAL CONDITION OF THE TEMPOROMANDIBULAR JOINT _eJournal article 210 1# _aEkaterinburg _cTIRAZH Publishing House _d2026 215 ## _a9 с. 608 ## _aJournal article _2local 675 ## _aСтоматология. Заболевания ротовой полости и зубов. 616.31 _zRUS 700 #1 _aDegtyarev _gNikita E. 700 #1 _aMuraev _gAleksandr Aleksandrovich 700 #1 _aKazarian _gGenrikh G. 700 #1 _aIvanov _gSergey S. 700 #1 _aMukhametshin _gRoman Floridovich 856 4# _adental-press.ru _u